000 00574nab a2200157Ia 4500
003 ES-SlBCS
005 20210601133731.0
008 140529s2004 xxu||||| |||| 00| 0 por d
041 _apor
100 1 _aRusso Vivas, Carla
_9208877
245 0 0 _aEstratégias empresariais para os mármores do Alentejo: contributo para o desenvolvimento competitivo do sector
_c Carla Russo Vivas, António Joao de Sousa
650 0 4 _aGestión
_9208878
700 1 _aSousa, António Joao de
_9208879
773 0 _tEconomia e Sociologia
_gnº. 77, 2004, págs. 103-120
_wRev1533
942 _cAR
999 _c601258
_d601258